CBA历届冠亚军 - Statistics

General Stats
  • This quiz has been taken 257 times
    149 since last reset
  • The average score is 53 of 56
Answer Stats
年份 冠军球队 % Correct
2020-2021赛季 广东
99%
2019-2020赛季 广东
99%
2018-2019赛季 广东
99%
2012-2013赛季 广东
99%
2010-2011赛季 广东
99%
2009-2010赛季 广东
99%
2008-2009赛季 广东
99%
2007-2008赛季 广东
99%
2005-2006赛季 广东
99%
2004-2005赛季 广东
99%
2003-2004赛季 广东
99%
2016-2017赛季亚军球队 广东
99%
2011-2012赛季亚军球队 广东
99%
2006-2007赛季亚军球队 广东
99%
2002-2003赛季亚军球队 广东
99%
1995-1996赛季亚军球队 广东
99%
2014-2015赛季 北京
98%
2013-2014赛季 北京
98%
2011-2012赛季 北京
98%
2022-2023赛季 辽宁
97%
2021-2022赛季 辽宁
97%
2017-2018赛季 辽宁
97%
2020-2021赛季亚军球队 辽宁
97%
2019-2020赛季亚军球队 辽宁
97%
2015-2016赛季亚军球队 辽宁
97%
2014-2015赛季亚军球队 辽宁
97%
2007-2008赛季亚军球队 辽宁
97%
1998-1999赛季亚军球队 辽宁
97%
1997-1998赛季亚军球队 辽宁
97%
1996-1997赛季亚军球队 辽宁
97%
2016-2017赛季 新疆
96%
2018-2019赛季亚军球队 新疆
96%
2013-2014赛季亚军球队 新疆
96%
2010-2011赛季亚军球队 新疆
96%
2009-2010赛季亚军球队 新疆
96%
2008-2009赛季亚军球队 新疆
96%
2022-2023赛季亚军球队 浙江
94%
2021-2022赛季亚军球队 浙江
94%
2017-2016赛季亚军球队 浙江
94%
2006-2007赛季 八一
92%
2002-2003赛季 八一
92%
2001-2002赛季 上海
92%
2000-2001赛季 八一
92%
1999-2000赛季 八一
92%
1998-1999赛季 八一
92%
1997-1998赛季 八一
92%
1996-1997赛季 八一
92%
1995-1996赛季 八一
92%
2005-2006赛季亚军球队 八一
92%
2003-2004赛季亚军球队 八一
92%
2001-2002赛季亚军球队 八一
92%
2000-2001赛季亚军球队 上海
92%
1999-2000赛季亚军球队 上海
92%
2015-2016赛季 四川
83%
2012-2013赛季亚军球队 山东
82%
2004-2005赛季亚军球队 江苏
76%
No matching quizzes found
Score Distribution
Percent of People with Each Score
Percentile by Number Answered
Your Score History
You have not taken this quiz since the last reset